000 00547nam a2200205Ii 4500
003 JO-AjNU
008 230606s9999||||xx |||||||||||||| ||und||
020 _a1-85355-412-x
040 _aJO-AjNU
_beng
_erda
_cJO-AjNU
041 _aeng
050 1 4 _aHF5635 1993
100 3 _aCoopers/Lybrand,
_eauthor
_93203
245 0 0 _aAccounting Standards
264 3 1 _aGreat Britain,1993
300 _a1307p
336 _atext
_btxt
_2rdacontent
337 _aunmediated
_bn
_2rdamedia
338 _avolume
_bnc
_2rdacarrier
650 4 _aAccounting
_93204
999 _aE1677
_c1677
_d1677